00474nam a2200169 450000500170000001000150001702000270003203500140005903700130007308200100008610000240009624500630012026000360018327000390021930000220025850000240028020190415161547.0 aENG-125062 a9789381992081c230..00 aEN-108594 bDBAD/PUB a306.3 aEgaraj, K. Florence aPrinciples of industrial sociology/cby K. Florence Egaraj aChennaibToday Publishersc2012 a192, Bells RoadbChenaieChennai-5 a417p.c21cm.(Pbk) aincludes references